| 000 | 03010cam a22004934i 4500 | ||
|---|---|---|---|
| 003 | PE-LiUPU | ||
| 005 | 20250731165551.0 | ||
| 008 | 150625s r 000 0 d | ||
| 035 | _a(Sirsi) a34549 | ||
| 035 | _a(Sirsi) a34549 | ||
| 040 |
_aPE-LiUPU _bspa _cPE-LiUPU _erda |
||
| 082 | 0 | 4 |
_a985.04 _bD _223 |
| 100 | 1 |
_aUgarte Chamorro, Guillermo, 1920-1998, _eautor. |
|
| 245 | 1 | 3 |
_aEl teatro en la independencia : _nVolumen 2. / _cInvestigación, recopilación y estudio preliminar por Guillermo Ugarte Chamorro. |
| 264 | 1 |
_aLima : _bComisión Nacional del Sesquicentenario de la Independencia del Perú, _c1974. |
|
| 300 |
_a384 páginas ; _c24 centímetros. |
||
| 336 |
_atext _2rdacontent |
||
| 337 |
_aunmediated _2rdamedia |
||
| 338 |
_avolume _2rdacarrier |
||
| 490 | 0 |
_aColección Documental de la Independencia del Perú ; _v25 |
|
| 500 | _aAño del sesquicentenario de las Batallas de Junín y Ayacucho" | ||
| 505 | _aLoa que antecede a la comedia en celebridad de la jura de la Independencia. Manuel de Santiago Concha. Lima. 1821 -- Patriotas de Lima en la Noche Feliz. Manuel de Santiago Concha. Lima 1821 -- Lima Libre. ("Drama alegórico"). Lima. 1821 – El hijo del Sud. (Alegoría en un acto). Luis Ambrosio Morante. Buenos Aires. 1915 ó 1816 -- Túpac Amaru. (Drama en cinco actos). Luis Ambrosio Morante. Buenos Aires 1821 -- Defensa y Triunfo del Tucumán por el General Belgrano. ("Pieza Militar" en dos actos). Luis Ambrosio Morante. Buenos Aires 1821 -- El Refugio de Amor en Chile. Introducción mitológica para la tragedia "Hamlet". Luis Ambrosio Morante. Santiago de Chile. 1824 -- Alocución Teatral. Luis Ambrosio Morante. Santiago de Chile. 1824. -- Alocución Teatral. Luis Ambrosio Morante. Santiago de Chile 1828 -- Loa en Memoria del Primer Aniversario de la Batalla de Ayacucho. Manuel López Lissón. Lima. 1825 -- Loa en Memoria a la Independencia del Perú. "S.B." Felipe Pardo y Aliaga?. Lima 1828 -- Entremés de Navidad. Anónimo. Ayacucho 1828 -- Un Pedazo de Entremés. José Domingo González de Matos. Cuzco. 1830 -- Pizarro. Tragedia en cinco actos escrita en inglés por Richard Sheridan y traducida al castellano por Juan García del Río. Valparaíso. 1844. | ||
| 526 | _aSEG44 | ||
| 526 | _aSEG26 | ||
| 526 | _aP151 | ||
| 526 | _aP150 | ||
| 526 | _aP149 | ||
| 526 | _aP146 | ||
| 526 | _aP145 | ||
| 526 | _aP126 | ||
| 526 | _aP125 | ||
| 526 | _aP92 | ||
| 526 | _aP75 | ||
| 526 | _aP74 | ||
| 526 | _aP27 | ||
| 526 | _aP15 | ||
| 650 | 0 | 4 |
_aTeatro peruano _ySiglo XIX. |
| 650 | 0 | 4 |
_aTeatro histórico _zPerú _yEmancipación. |
| 710 |
_aComisión Nacional del Sesquicentenario de la Independencia del Perú. _91045 |
||
| 942 |
_2ddc _cBK |
||
| 949 |
_aRC 985.04 D 25 / 2 _wDEWEY _c1 _i17040 _lRC _mBUL _r0 _sY _tBOOK _u2015-6-25 _xBIBLIOTECA _zUNKNOWN _0COMPRA _o.CIRCNOTE. No olvidar cambiar la fecha de devolución!!!!!!! _o.STAFF. Colección General |
||
| 999 |
_c42417 _d42417 |
||
| 980 |
_81 _gALBERTO SANCHEZ Responsable de Automatización |
||